| 000 | 00535nam a2200145Ia 4500 | ||
|---|---|---|---|
| 008 | 170221s9999 xx 000 0 und d | ||
| 100 | _aAkbar, Saad. | ||
| 245 | _aConsumers’ attitude towards online shopping Factors influencing employees of crazy domains to shop online | ||
| 245 | _cSaad Akbar, Bangkok University; Paul TJ James, Bangkok University. | ||
| 260 | _bJournal of Management and Marketing Research | ||
| 260 | _c2014 | ||
| 300 | _a3 : 5 | ||
| 650 | _xBusiness | ||
| 856 | _uhttp://www.aabri.com/manuscripts/131640.pdf | ||
| 999 |
_c313203 _d313203 |
||